[Event "FRA-ch U12"]
[Site "Vichy"]
[Date "2025.05.02"]
[Round "7"]
[White "Kolodziejczyk, Boris"]
[Black "Gonzalez De Linares, Milan"]
[Result "1-0"]
[WhiteElo "2192"]
[BlackElo "1950"]
[PlyCount "85"]
[EventDate "2025.04.27"]
[EventType "swiss"]
[EventRounds "9"]
[EventCountry "FRA"]
[SourceTitle "CB19_2025"]
[SourceDate "2025.05.07"]
[SourceVersion "1"]
[SourceVersionDate "2025.05.07"]
[SourceQuality "1"]

1. e4 c5 2. Nf3 Nc6 3. Bb5 g6 4. c3 d5 5. e5 Bg7 6. 0-0 Bg4 7. Re1 Nh6 8. h3 Bxf3 9. Bxc6+ bxc6 10. Qxf3 0-0 11. d3 f6 12. exf6 Rxf6 13. Qe2 Nf5 14. Nd2 Qd6 15. Nf3 Raf8 16. Bg5 R6f7 17. Ne5 Bxe5 18. Qxe5 Qxe5 19. Rxe5 h6 20. Bd2 Kg7 21. Rae1 Rb8 22. Bc1 Rb7 23. Re6 Rf6 24. g4 Rxe6 25. Rxe6 Nd6 26. h4 Kf7 27. Re2 Kg7 28. h5 g5 29. Re6 Nf7 30. Kf1 Rd7 31. f4 Rd6 32. Rxe7 Rf6 33. f5 Kf8 34. Re2 Nd6 35. Be3 Nb7 36. Bf2 a6 37. Ke1 Kf7 38. Kd2 Kf8 39. Kc2 Rf7 40. Re6 Re7 41. Rf6+ Kg7 42. Rg6+ Kf8 43. Kd2 1-0

[Event "FRA-ch U12"]
[Site "Vichy"]
[Date "2025.04.28"]
[Round "2"]
[White "Heuty, Martin"]
[Black "Kolodziejczyk, Boris"]
[Result "0-1"]
[WhiteElo "1728"]
[BlackElo "2123"]
[PlyCount "64"]
[EventDate "2025.04.27"]
[EventType "swiss"]
[EventRounds "9"]
[EventCountry "FRA"]
[SourceTitle "CB19_2025"]
[SourceDate "2025.05.07"]
[SourceVersion "1"]
[SourceVersionDate "2025.05.07"]
[SourceQuality "1"]

1. e4 Nf6 2. e5 Nd5 3. d4 d6 4. c4 Nb6 5. exd6 cxd6 6. Nf3 g6 7. Bf4 Bg7 8. Nc3 0-0 9. Be2 Nc6 10. Rc1 Bg4 11. d5 Bxf3 12. Bxf3 Nd4 13. b3 e5 14. Be3 Nf5 15. 0-0 Nxe3 16. fxe3 Bh6 17. Qe2 f5 18. g3 a6 19. Rcd1 e4 20. Bg2 Qg5 21. Rfe1 Nd7 22. Na4 Ne5 23. Nb2 Ng4 24. h4 Qe7 25. Qd2 Qe5 26. c5 Qxg3 27. cxd6 Qh2+ 28. Kf1 f4 29. Bf3 exf3 30. Qxh2 Nxh2+ 31. Kg1 Ng4 32. Nd3 fxe3 0-1

[Event "FRA-ch U12"]
[Site "Vichy"]
[Date "2025.04.28"]
[Round "3"]
[White "Kolodziejczyk, Boris"]
[Black "Mougenot, Sacha"]
[Result "0-1"]
[WhiteElo "2123"]
[BlackElo "1805"]
[PlyCount "78"]
[EventDate "2025.04.27"]
[EventType "swiss"]
[EventRounds "9"]
[EventCountry "FRA"]
[SourceTitle "CB19_2025"]
[SourceDate "2025.05.07"]
[SourceVersion "1"]
[SourceVersionDate "2025.05.07"]
[SourceQuality "1"]

1. e4 e6 2. d4 d5 3. Nc3 Nf6 4. Bg5 Be7 5. e5 Nfd7 6. h4 c5 7. Nb5 f6 8. exf6 Nxf6 9. Nf3 0-0 10. dxc5 Bxc5 11. Bxf6 Rxf6 12. Nc3 Qb6 13. Qd2 Bd7 14. Bd3 Bc6 15. 0-0 Nd7 16. a3 a5 17. Rae1 Raf8 18. Nd1 h6 19. h5 Bd6 20. c3 Nc5 21. Nd4 e5 22. Nxc6 bxc6 23. Bb1 e4 24. Ne3 Bb8 25. Nd1 Qc7 26. g3 Qf7 27. Qe2 Rf3 28. Kg2 Qxh5 29. Ne3 Qg5 30. Kg1 h5 31. Ng2 Ba7 32. Nh4 Ne6 33. Nxf3 Qxg3+ 34. Kh1 Qh3+ 35. Nh2 Nf4 36. f3 Nxe2 37. Rxe2 exf3 38. Rd2 Bb8 39. Bd3 f2 0-1

[Event "Noisiel op 10th"]
[Site "Noisiel"]
[Date "2025.04.12"]
[Round "1"]
[White "Kolodziejczyk, Boris"]
[Black "Harshavardhan, GB."]
[Result "0-1"]
[WhiteElo "2123"]
[BlackElo "2431"]
[PlyCount "86"]
[EventDate "2025.04.12"]
[EventType "swiss"]
[EventRounds "9"]
[EventCountry "FRA"]
[SourceTitle "CB17_2025"]
[SourceDate "2025.04.23"]
[SourceVersion "1"]
[SourceVersionDate "2025.04.23"]
[SourceQuality "1"]

1. e4 e6 2. d4 d5 3. Nc3 Nf6 4. Bg5 dxe4 5. Nxe4 Be7 6. Bxf6 gxf6 7. Nf3 f5 8. Ned2 c5 9. dxc5 Bxc5 10. Nb3 Qxd1+ 11. Rxd1 Bb6 12. Be2 Nc6 13. 0-0 Ke7 14. Rfe1 Rd8 15. Rxd8 Bxd8 16. Bb5 Nb8 17. Ne5 a6 18. Be2 Nd7 19. Nxd7 Bxd7 20. Bf3 Rb8 21. Nc5 Bc8 22. Rd1 Bc7 23. Be2 Bd6 24. b4 a5 25. c3 axb4 26. cxb4 Ra8 27. Rd2 b6 28. Nd3 e5 29. g3 Be6 30. Nc1 Rc8 31. Nd3 Ra8 32. Nc1 Bxb4 33. Rc2 f4 34. Rc7+ Kd6 35. Rc2 e4 36. Bb5 f3 37. Rc6+ Ke7 38. Rxb6 Rd8 39. Ba4 Bc5 40. Rc6 Ba3 41. Rc3 Bb2 42. Rc7+ Kf8 43. Kf1 Rd4 0-1

[Event "Wch U10"]
[Site "Montesilvano"]
[Date "2024.11.26"]
[Round "11"]
[White "Zabelin, Platon"]
[Black "Kolodziejczyk, Boris"]
[Result "0-1"]
[WhiteElo "1870"]
[BlackElo "2115"]
[PlyCount "86"]
[EventDate "2024.11.15"]
[EventType "swiss"]
[EventRounds "11"]
[EventCountry "ITA"]
[SourceTitle "CB48_2024"]
[SourceDate "2024.11.28"]
[SourceVersion "1"]
[SourceVersionDate "2024.11.28"]
[SourceQuality "1"]

1. d4 Nf6 2. c4 g6 3. Nc3 Bg7 4. e4 0-0 5. e5 Ne8 6. f4 d6 7. Be3 c5 8. dxc5 Nc6 9. cxd6 exd6 10. Qd2 Bf5 11. Rd1 Qa5 12. exd6 Nf6 13. h3 Rfe8 14. Kf2 Nb4 15. Nf3 Nxa2 16. Bd3 Nxc3 17. bxc3 Bxd3 18. Qxd3 Ne4+ 19. Kg1 Nxd6 20. Bd4 Nf5 21. Kh2 Rad8 22. g4 Ne7 23. Kg2 Nc6 24. Qc2 Qc7 25. f5 Ne5 26. Nxe5 Bxe5 27. Rhe1 Bxd4 28. Rxe8+ Rxe8 29. cxd4 Re3 30. Qf2 Qe7 31. Qf4 Re2+ 32. Kf1 Re4 33. Qf3 g5 34. f6 Qe6 35. Kg1 Rf4 36. Qd3 Qxf6 37. d5 Rf3 38. Qe4 Qb6+ 39. Qd4 Qd6 40. Rd2 Qg3+ 41. Rg2 Qe1+ 42. Kh2 Rxh3+ 43. Kxh3 Qh4# 0-1

[Event "Wch U10"]
[Site "Montesilvano"]
[Date "2024.11.20"]
[Round "6"]
[White "Kolodziejczyk, Boris"]
[Black "Bolashakov, Nurali"]
[Result "1-0"]
[WhiteElo "2115"]
[BlackElo "2005"]
[PlyCount "71"]
[EventDate "2024.11.15"]
[EventType "swiss"]
[EventRounds "11"]
[EventCountry "ITA"]
[SourceTitle "CB48_2024"]
[SourceDate "2024.11.28"]
[SourceVersion "1"]
[SourceVersionDate "2024.11.28"]
[SourceQuality "1"]

1. e4 c5 2. Nf3 e6 3. b3 a6 4. Bb2 Nc6 5. c4 d6 6. d4 cxd4 7. Nxd4 Nxd4 8. Qxd4 Nf6 9. Nc3 Be7 10. g3 0-0 11. Bg2 Rb8 12. 0-0 b5 13. Rfd1 b4 14. Ne2 e5 15. Qa7 Bg4 16. f3 Bd7 17. Qf2 Qc7 18. Kh1 Rfc8 19. Nc1 a5 20. Nd3 a4 21. c5 a3 22. cxd6 Bxd6 23. Rac1 Qa5 24. Ba1 Qb5 25. Bf1 Qa5 26. Qe3 Bc6 27. Bg2 Nd7 28. Bh3 Bb5 29. Rxc8+ Rxc8 30. Nxe5 Nxe5 31. Bxe5 Bxe5 32. Bxc8 Qc7 33. Qd2 Bf6 34. Bd7 Ba6 35. Qd6 Qc3 36. Qb8+ 1-0

[Event "Wch U10"]
[Site "Montesilvano"]
[Date "2024.11.16"]
[Round "2"]
[White "Kolodziejczyk, Boris"]
[Black "Button Rabl, Jiban"]
[Result "1-0"]
[WhiteElo "2115"]
[BlackElo "1435"]
[PlyCount "87"]
[EventDate "2024.11.15"]
[EventType "swiss"]
[EventRounds "11"]
[EventCountry "ITA"]
[SourceTitle "CB48_2024"]
[SourceDate "2024.11.28"]
[SourceVersion "1"]
[SourceVersionDate "2024.11.28"]
[SourceQuality "1"]

1. e4 e5 2. Nf3 Nc6 3. d4 exd4 4. Nxd4 Nf6 5. Nxc6 bxc6 6. e5 Qe7 7. Qe2 Nd5 8. Nd2 g5 9. Ne4 h6 10. h4 Nf4 11. Bxf4 gxf4 12. Nf6+ Kd8 13. Nh5 d5 14. exd6 cxd6 15. 0-0-0 Rg8 16. Nxf4 h5 17. Qd2 Bh6 18. Qxd6+ Bd7 19. Qxh6 Kc7 20. Qxh5 a5 21. Bc4 Rg4 22. Rxd7+ Qxd7 23. Ne6+ fxe6 24. Qxg4 Re8 25. h5 Qf7 26. Qg6 Qf4+ 27. Kb1 Rd8 28. Qg3 Qxg3 29. fxg3 e5 30. h6 Rh8 31. h7 Kd6 32. Bg8 e4 33. Kc1 Ke5 34. Rf1 Kd4 35. Kd2 c5 36. g4 a4 37. g5 c4 38. g6 a3 39. g7 Rxh7 40. Bxh7 axb2 41. g8Q c3+ 42. Ke2 e3 43. Qg5 Kc4 44. Rh1 1-0

[Event "EU-ch U10"]
[Site "Prague"]
[Date "2024.08.25"]
[Round "4"]
[White "Kolodziejczyk, Boris"]
[Black "Zhang, Junyi"]
[Result "1-0"]
[WhiteElo "1983"]
[BlackElo "1936"]
[PlyCount "137"]
[EventDate "2024.08.22"]
[EventType "swiss"]
[EventRounds "9"]
[EventCountry "CZE"]
[SourceTitle "CBM 221 Extra"]
[Source "ChessBase"]
[SourceDate "2024.09.30"]
[SourceVersion "1"]
[SourceVersionDate "2024.09.30"]
[SourceQuality "1"]

1. e4 c5 2. Nf3 e6 3. b3 Nc6 4. Bb2 a6 5. g3 d6 6. d4 cxd4 7. Nxd4 Nf6 8. Bg2 Qc7 9. 0-0 Be7 10. c4 0-0 11. Nc3 Bd7 12. Rc1 Qb6 13. Na4 Qc7 14. Nc3 Qb6 15. Nc2 Rac8 16. h3 Rfd8 17. Kh1 Be8 18. f4 Nb4 19. g4 Nxc2 20. Rxc2 Bc6 21. Re2 Rd7 22. Rd2 Rcd8 23. g5 Ne8 24. h4 Nc7 25. f5 exf5 26. Rxf5 Bf8 27. Rf1 Ne6 28. Nd5 Bxd5 29. exd5 Nc5 30. Bd4 Re7 31. Qg4 Rde8 32. Rdf2 Qc7 33. h5 Nd3 34. Rd2 Ne5 35. Qg3 b5 36. cxb5 axb5 37. Rdf2 Qd7 38. Bxe5 Rxe5 39. Rxf7 Qxf7 40. Rxf7 Kxf7 41. g6+ Kg8 42. Qf3 Re1+ 43. Kh2 R1e2 44. a4 bxa4 45. bxa4 R2e3 46. Qf7+ Kh8 47. a5 R3e7 48. Qf3 Ra7 49. gxh7 Kxh7 50. Qf5+ Kg8 51. h6 Rae7 52. Qg6 Kh8 53. h7 Re3 54. a6 Ra8 55. Qc2 Ra3 56. Bf1 Re3 57. Qc6 Ree8 58. a7 Kxh7 59. Qb7 Rac8 60. Bd3+ Kg8 61. Kg2 Kh8 62. Qf7 Re5 63. Qd7 Ra8 64. Qb7 Ree8 65. Bg6 Rec8 66. Qd7 Rc3 67. Qg4 Rc2+ 68. Bxc2 Rxa7 69. Qh5+ 1-0

[Event "Wch U08"]
[Site "Batumi"]
[Date "2022.09.26"]
[Round "10"]
[White "Kolodziejczyk, Boris"]
[Black "Khati, Tailan"]
[Result "1-0"]
[WhiteElo "1464"]
[BlackElo "1147"]
[PlyCount "75"]
[EventDate "2022.09.16"]
[EventType "swiss"]
[EventRounds "11"]
[EventCountry "GEO"]
[SourceTitle "EXT 2023"]
[Source "ChessBase"]
[SourceDate "2022.10.05"]
[SourceVersion "1"]
[SourceVersionDate "2022.10.05"]
[SourceQuality "1"]

1. e4 e5 2. Nf3 d5 3. exd5 Qxd5 4. Nc3 Qc5 5. d4 exd4 6. Nxd4 Nf6 7. Be2 Be7 8. Be3 Qe5 9. 0-0 0-0 10. Bf3 Bd6 11. g3 a6 12. Bf4 Qe7 13. Re1 Qd8 14. Be3 Nbd7 15. h3 Ne5 16. Bg2 Nc4 17. Bc1 Be5 18. Nb3 Qxd1 19. Nxd1 Bd6 20. Ne3 Nxe3 21. Bxe3 Bd7 22. Bxb7 Rab8 23. Bxa6 Bxh3 24. Bc4 Ne4 25. a4 Rb4 26. Bd5 Nf6 27. Bf3 Be6 28. Bd2 Rb6 29. a5 Ra6 30. Bb7 Ra7 31. a6 Nd5 32. c4 Nb6 33. c5 Bxb3 34. cxd6 cxd6 35. Be3 Nc8 36. Bxc8 Rc7 37. Bb7 Rb8 38. Bb6 1-0

[Event "Wch U08"]
[Site "Batumi"]
[Date "2022.09.23"]
[Round "7"]
[White "Apikyan, Sevak"]
[Black "Kolodziejczyk, Boris"]
[Result "0-1"]
[WhiteElo "1185"]
[BlackElo "1464"]
[PlyCount "50"]
[EventDate "2022.09.16"]
[EventType "swiss"]
[EventRounds "11"]
[EventCountry "GEO"]
[SourceTitle "EXT 2023"]
[Source "ChessBase"]
[SourceDate "2022.10.05"]
[SourceVersion "1"]
[SourceVersionDate "2022.10.05"]
[SourceQuality "1"]

1. e4 c5 2. Nf3 d6 3. d4 cxd4 4. Nxd4 Nf6 5. Nc3 g6 6. Be3 Bg7 7. f3 0-0 8. Qd2 Nc6 9. Bc4 Bd7 10. 0-0-0 Rc8 11. Bb3 Ne5 12. Kb1 Nc4 13. Bxc4 Rxc4 14. g4 b5 15. h4 h5 16. gxh5 Nxh5 17. Rdg1 a5 18. Rg5 b4 19. Nce2 e5 20. Nf5 Bxf5 21. exf5 Qf6 22. Rd1 Rxh4 23. Rg4 Rxg4 24. fxg4 Nf4 25. Bxf4 exf4 0-1